• 首页
  • 本馆介绍
  • 公告通知
  • 最新文献
  • 馆藏检索
  • 电子资源
  • 读者导购
  • 参考咨询
  • 我的图书馆
  • 登录
  • 详细信息显示
  • 放入我的书架
  • 预约/预借图书
  • 作者相关作品
  • 分类相关作品
  • 丛书相关作品
  • 出版社相关作品

书目信息

  • 表格格式
  • 工作单格式
  • 卡片格式
题名:
“一个国家,两种制度”文献和资料丛书
    
 
作者: ;中共中央统一战线工作部研究所 , 中共中央统一战线工作部三局 编
分册: 第一辑   中共中央、全国人大、中华人民共和国政府、全国政协等有关文献和中央领导同志论述
出版信息: 北京   中国文史出版社  1988
页数: 452页
开本: 19cm
丛书名:
单 册:
中图分类: D62 , D618
科图分类:
主题词: 政治--中国
电子资源:
ISBN: 7-5034-0027-7
000 01255nam0 2200265 45
001 0196104309
005 20040308091551.8
010    @a7-5034-0027-7@dCNY24
100    @a19960828d1988 em y0chiy0120 ea
101 0  @achi
102    @aCN@b110000
105    @ay z 000yy
106    @ar
200 12 @a“一个国家,两种制度”文献和资料丛书@A“ yi ge guo jia , liang zhong zhi du ” wen xian he zi liao cong shu@h第一辑@i中共中央、全国人大、中华人民共和国政府、全国政协等有关文献和中央领导同志论述@f中共中央统一战线工作部研究所,中共中央统一战线工作部三局编
210    @a北京@c中国文史出版社@d1988
215    @a452页@d19cm
300    @a内部发行
517 1  @a中共中央、全国人大、中华人民共和国政府、全国政协等有关文献和中央领导同志论述@Azhong gong zhong yang 、 quan guo ren da 、 zhong hua ren min gong he guo zheng fu 、 quan guo zheng xie deng you guan wen xian he zhong yang ling dao tong zhi lun shu
606 0  @a政治@x中国
690    @aD62@v3
690    @aD618
711 02 @a中共中央统一战线工作部研究所@Azhong gong zhong yang tong yi zhan xian gong zuo bu yan jiu suo@4编
711 02 @a中共中央统一战线工作部三局@Azhong gong zhong yang tong yi zhan xian gong zuo bu san ju@4编
801  0 @aCN@bNLC@c20040308
905    @f1@b213964@dD618@e32:1
    
    “一个国家,两种制度”文献和资料丛书.第一辑.中共中央、全国人大、中华人民共和国政府、全国政协等有关文献和中央领导同志论述/中共中央统一战线工作部研究所,中共中央统一战线工作部三局编.-北京:中国文史出版社,1988
    452页;19cm
    内部发行
    
    ISBN 7-5034-0027-7:CNY24
    
●
相关链接 在E读中查询图书 在五车中查询图书 在当当中查询图书 在豆瓣中查询图书


正题名:"一个国家,两种制度"文献和资料丛书     索取号:D618/32:1         预约/预借

序号 登录号 条形码 馆藏地/架位号 状态 备注
1 0213964   001899841   密集书库/ [索取号:D618/32:1] 在馆    
唐山师范学院图书馆 欢迎您!
大连网信软件有限公司© 版权所有